| 000 | 00523nam a22001937a 4500 | ||
|---|---|---|---|
| 010 | _a673091 | ||
| 020 | _c3.00 | ||
| 035 | _a673091 | ||
| 037 | _bCen Lib / Ret | ||
| 040 |
_aDPL _bEn |
||
| 082 |
_a351.5 _bCEN |
||
| 245 |
_aCentral civil serivice leave rules : _beffective from ist june 1972 / |
||
| 260 |
_aMadras _bSwamy Publishers _c1972 |
||
| 270 |
_aPost Box no. 2468 _bMadras |
||
| 300 |
_a68p ; _c27cm(Hb) |
||
| 650 | _aRules | ||
| 650 | _aEmployes rule | ||
| 942 |
_2ddc _cEN _h351.5 _mCEN |
||
| 999 |
_c137148 _d137148 |
||